000 00293nam a22001337a 4500
008 170807b xxu||||| |||| 00| 0 eng d
020 _a9780131738867
041 _aeng
080 _22ND
_a004
100 _a34
101 _aSHK
245 _aCORE JAVASERVER FACES
_cGEARY,D
942 _2udc
_cBK
999 _c22846
_d22846